000 00708nam a2200169 i 4500
001 49591
003 ES-MaACL
005 20230906162023.0
007 t|
008 030718s1847 sp ||||1| spa d
100 1 _aCostanzo, Salvador.
_941130
245 1 0 _aOpúsculos políticos y literarios /
_cde Salvador Costanzo ; precedidos de un discurso preliminar escrito por Manuel Moxó ; y acompañados de un album de poesías castellanas de algunos poetas antiguos y de los más esclarecidos entre los modernos.
260 _aMadrid :
_b[s.n.],
_c1847 (
_fImprenta de La Publicidad, a cargo de M. Rivadeneyra)
300 _aL, 398 p. ;
_c22 cm.
700 1 _aMoxó, Manuel.
_983943
852 _aES-MaACL
_jF-2810
999 _c49591
_d49591